|
|
|
|
| LEADER |
04915nam a2200661 i 4500 |
| 001 |
mzk03001258271 |
| 003 |
CZ BrMZK |
| 005 |
20190910104144.0 |
| 007 |
ta |
| 008 |
150414s1715 gw f f |||| 0 ger d |
| 040 |
|
|
|a BOA001
|b cze
|e rda
|
| 041 |
0 |
|
|a ger
|a lat
|
| 072 |
|
7 |
|a 27-46/-48
|x Pastorální teologie
|2 Konspekt
|9 5
|
| 072 |
|
7 |
|a 094
|x Staré tisky
|2 Konspekt
|9 12
|
| 080 |
|
|
|a 27-475.5
|2 MRF
|
| 080 |
|
|
|a 27-565.2
|2 MRF
|
| 080 |
|
|
|a 27-549-565.2
|2 MRF
|
| 080 |
|
|
|a 025.171
|2 MRF
|
| 080 |
|
|
|a (0:82-5)
|2 MRF
|
| 080 |
|
|
|a (0.068)094
|2 MRF
|
| 100 |
1 |
|
|a Ertl, Ignaz,
|d 1645-1713
|7 mzk2009528482
|4 aut
|
| 245 |
1 |
0 |
|a RORANTIS COELI ET AMANTIS DEI DELICIAE. Das ist: Auserlesene RORATE-Predigten, Welche über das Gnadenreiche Geheinnus der Heiligsten Menschwerdung unsers Erlösers Christi wochentlich zu dreyenmahlen vor denen Engel-Aembtern in dem Löblichen Marianischen GOttes-Hauß und Closter-Kirchen der Wohl-Ehrwürdigen PP. Eremiten S. Augustini zu München mit einer sehr anmuthigen und curiosen Materi, schönen Denckwürdigkeiten und für jetzigen Welt-Lauf eingerichteten Discursen von der Canzel vorgetragen und nebst einem Vierfachen ADVENTUAL Sambt noch vier absonderlichen Weyhnacht-Predigten also eingerichtet, daß solche nicht allein über die Sonn- und Feyer-Täg des Jahrs, Sonderbahr aber für die Marianische Fest-Täg Mutatis mutandis füglich zu appliciren und zu gebrauchen, auch mit einem dreyfachen Register, Deren Das Erste Den Summarischen Innhalt dieser Predigten, Das Andere Alle Denck- und Merckwürdigkeiten, Concepten und Historien, Das Dritte Mit einem Indice Concionatorio über die Sonn- und Feyer-Täglichen Evangelien ausführlich versehen und zum offenen Druck gegeben /
|c Von P.F. IGNATIUS Ertl, Ord. Eremitarum S. Augustini, der Chur-Bayrischen Provintz Predigern
|
| 264 |
|
1 |
|a Nürnberg :
|b Verlegts Johann Leonhard Buggel, Buchhändler,
|c 1715
|
| 300 |
|
|
|a 14 nečíslovaných stran, 410 stran, 40 nečíslovaných stran, 1 nečíslovaná obrazová příloha ;
|c 4° (21,5 cm)
|
| 336 |
|
|
|a text
|b txt
|2 rdacontent
|
| 337 |
|
|
|a bez média
|b n
|2 rdamedia
|
| 338 |
|
|
|a svazek
|b nc
|2 rdacarrier
|
| 500 |
|
|
|a Výzdoba: Mědirytinový frontispis (Panna Marie a andělé - Wening scul.), titulní strana tištěna černě a červeně, iniciály, vlysy, linky z typografických ozdob, viněty, vnitřní patituly
|
| 500 |
|
|
|a Ilustrace: Frontispis (nesignovaná mědirytina) znázorňující P. Marii, která má srdce obalené paprsky a v němž je vidět malé dítě. Na P. Marii svítí paprsky slunce, před nímž se vznáší holubice s prstenem v zobáčku. Před P. Marii klečí andílek s otevřenou knihou. Vedle ženy je další anděl s ratolestí v pravici. Na oblacích pak vidíme další tři andílky.
|
| 500 |
|
|
|a Typografický popis: Text je tištěn v jednom sloupci s marginálními poznámkami. Použité písmo: antikva, italika, fraktura. Živá záhlaví, kustody, signatury archu, stránková paginace
|
| 500 |
|
|
|a Katalogové číslo: 477
|
| 500 |
|
|
|a Kolace: a4 - b4, A4 – Z4, A a4 – Z z4, A a a4 – N n n2 [= 466 stran]
|
| 500 |
|
|
|a Kolace částí: úvod: a 2 – [b 4] ([5]-[16]); text: A – H h h 2 (1-410); rejstřík: H h h 3 – N n n 2 ([411]–[450])
|
| 501 |
|
|
|a Přívazek k AMARA DULCIS ... / Ignaz Ertl
|
| 510 |
4 |
|
|a VD18,
|c VD18 13849956
|
| 546 |
|
|
|a V německém textu latinské pasáže
|
| 650 |
|
7 |
|a kázání
|7 ph122077
|2 czenas
|
| 650 |
|
7 |
|a advent
|x kázání
|7 ph114004
|2 czenas
|
| 650 |
|
7 |
|a roráty
|7 ph224443
|2 czenas
|
| 650 |
|
7 |
|a historické knihovní fondy
|7 ph172933
|2 czenas
|
| 655 |
|
7 |
|a kázání
|7 fd131846
|2 czenas
|
| 655 |
|
7 |
|a staré tisky
|7 fd422076
|2 czenas
|
| 700 |
1 |
|
|a Wening
|4 egr
|
| 700 |
1 |
|
|a Mey, Johannes Karl
|4 cns
|
| 700 |
1 |
|
|a Rorrer, Albert
|4 cns
|
| 740 |
4 |
2 |
|a Des Vier-Jährigen Adventuals Erster Theil. PACIS OLIVA. Das ist Nazarenischer Friedens-Tractat zwischen GOtt und den Menschen
|
| 740 |
4 |
2 |
|a Des vierfachen Adventuals Anderer Theil. NUPTIAE AGNI. Das ist: Hochzeitliches Beylager Der Göttlich- und Menschlichen Natur in dem Jungfräulichen Leib Mariä
|
| 740 |
4 |
2 |
|a Des vierfachen Adventuals Dritter Theil. CASTELLUM BETHANIAE. Das ist: Nazarenische Maria-Burg Des zur Welt ankommend-inwohnenden Sohns GOttes
|
| 740 |
4 |
2 |
|a Des vierfachen Adventuals Vierter Theil. DEUS ABSCONDITUS. Das ist: Geheimes Leben Des In Mutter-Leibe verborgenen Sohns GOttes
|
| 856 |
4 |
2 |
|u https://reader.digitale-sammlungen.de/resolve/display/bsb10465006.html
|y Digitalizovaný dokument
|z Exemplář Bayerische Staatsbibliothek, sign. Hom. 2096
|
| 903 |
|
|
|a RP
|
| 910 |
|
|
|a SVE952
|b FMT-D.XX.20,přív.
|
| 978 |
|
|
|b Buggel, Johann Leonhard
|a Nürnberg
|c 1715
|
| 984 |
|
|
|a Norimberk
|b Německo
|
| 985 |
|
|
|a 1701-1750
|
| 990 |
|
|
|a BK
|
| 991 |
|
|
|k fara-trebova
|
| 994 |
|
|
|a UP
|l MZK03
|b 001258270
|m přívazek
|n záznam 1. díla (pro objednání pokračujte kliknutím)
|